| 000 | 00365nam a22001457a 4500 | ||
|---|---|---|---|
| 020 | _a9788188458007 | ||
| 082 | _a621.382 SHA | ||
| 100 | _aSharma Sanjay | ||
| 245 | _aAnalog communication systems | ||
| 260 |
_aNew Delhi India _bS.K.Kataria & Sons _c2003 |
||
| 300 |
_a610 _bP.B |
||
| 650 | _aCommunication system | ||
| 700 | _aSanjay Sharma | ||
| 942 | _cBK | ||
| 999 |
_c490572 _d490572 |
||